[Event "Kavala op 30th"]
[Site "Kavala"]
[Date "2021.08.04"]
[Round "5"]
[White "Konstantinidis, Konstantinos"]
[Black "Sirigos, Nikolaos"]
[Result "1/2-1/2"]
[WhiteElo "2057"]
[BlackElo "2179"]
[PlyCount "35"]
[EventDate "2021.08.01"]
[EventType "swiss"]
[EventRounds "9"]
[EventCountry "GRE"]
[SourceTitle "CBM 203 Extra"]
[Source "ChessBase"]
[SourceDate "2021.09.30"]
[SourceVersion "1"]
[SourceVersionDate "2021.09.30"]
[SourceQuality "1"]

1. d4 Nf6 2. Nf3 g6 3. Bg5 Bg7 4. Nbd2 d5 5. e3 0-0 6. Bd3 c5 7. c3 b6 8. 0-0 Bb7 9. Qb1 a5 10. a4 Nc6 11. h3 Ne8 12. Re1 Nc7 13. Bh4 Qd7 14. Bg3 Rae8 15. Qc2 Rc8 16. Rad1 f5 17. dxc5 bxc5 18. e4 1/2-1/2

[Event "Nikaia op 22nd"]
[Site "Nikaia"]
[Date "2014.08.30"]
[Round "5"]
[White "Sirigos, Nikolaos"]
[Black "Katopodis, Dimitrios"]
[Result "1-0"]
[WhiteElo "2256"]
[BlackElo "1780"]
[PlyCount "75"]
[EventDate "2014.08.26"]
[EventType "swiss"]
[EventRounds "9"]
[EventCountry "GRE"]
[SourceTitle "CBM 162 Extra"]
[Source "ChessBase"]
[SourceDate "2014.10.17"]
[SourceVersion "1"]
[SourceVersionDate "2014.10.17"]
[SourceQuality "1"]

1. b3 d5 2. Bb2 Nf6 3. e3 Bf5 4. f4 e6 5. Nf3 Be7 6. Be2 0-0 7. 0-0 c5 8. Nh4 Bg6 9. Nxg6 hxg6 10. Bf3 Nc6 11. Qe2 Qc7 12. Nc3 a6 13. g3 b5 14. Qg2 Rac8 15. Rae1 Rfd8 16. d3 d4 17. Nd1 Nd5 18. e4 Nb6 19. e5 c4 20. Be4 cxb3 21. cxb3 Nb4 22. a3 Nc2 23. Re2 Nxa3 24. h4 Nd5 25. h5 gxh5 26. Qh3 h4 27. Bxa3 Bxa3 28. Qxh4 Kf8 29. Bxd5 Rxd5 30. Qh8+ Ke7 31. Qxg7 Qd8 32. Ra2 b4 33. Nf2 Qh8 34. Qg5+ f6 35. exf6+ Qxf6 36. Qg4 Rh8 37. Re1 Rdh5 38. Rae2 1-0

[Event "Nikaia op 22nd"]
[Site "Nikaia"]
[Date "2014.08.26"]
[Round "1"]
[White "Sirigos, Nikolaos"]
[Black "Alexakis, Georgios"]
[Result "1-0"]
[WhiteElo "2256"]
[BlackElo "1802"]
[PlyCount "97"]
[EventDate "2014.08.26"]
[EventType "swiss"]
[EventRounds "9"]
[EventCountry "GRE"]
[SourceTitle "CBM 162 Extra"]
[Source "ChessBase"]
[SourceDate "2014.10.17"]
[SourceVersion "1"]
[SourceVersionDate "2014.10.17"]
[SourceQuality "1"]

1. d4 f5 2. g3 g6 3. Bg2 Nf6 4. Nf3 Bg7 5. 0-0 0-0 6. b3 d6 7. Bb2 Qe8 8. d5 a5 9. c4 Na6 10. Nbd2 Bd7 11. Nd4 Nc5 12. Qc2 c6 13. dxc6 bxc6 14. e3 e5 15. Ne2 Qe7 16. a3 Ne6 17. Rae1 Nh5 18. f4 e4 19. Bxg7 Nhxg7 20. b4 axb4 21. axb4 Ra3 22. Nc3 Rfa8 23. Rb1 Qf6 24. Rb3 Qd8 25. Rxa3 Rxa3 26. Qb2 Ra8 27. Rb1 Qb6 28. Nf1 Nc7 29. Kf2 Nge6 30. Qd2 Ne8 31. h4 Qb7 32. Bh3 h5 33. Qd1 N6g7 34. b5 cxb5 35. cxb5 Ra5 36. Nd2 Kh7 37. Nc4 Ra8 38. Qd5 Qxd5 39. Nxd5 Be6 40. Ncb6 Rb8 41. Bf1 Kg8 42. Ra1 Bxd5 43. Nxd5 Rb7 44. b6 Ne6 45. Bb5 N8g7 46. Ra8+ Kf7 47. Ra7 Nc5 48. Bc6 Rxa7 49. bxa7 1-0

[Event "GRE-chT 42nd"]
[Site "Porto Rio"]
[Date "2014.07.01"]
[Round "5.2"]
[White "Nikolakopoulos, Nikolaos"]
[Black "Sirigos, Nikolaos"]
[Result "0-1"]
[WhiteElo "1992"]
[BlackElo "2227"]
[PlyCount "142"]
[EventDate "2014.06.28"]
[EventType "team-swiss"]
[EventRounds "7"]
[EventCountry "GRE"]
[SourceTitle "CBM 161 Extra"]
[Source "ChessBase"]
[SourceDate "2014.08.29"]
[SourceVersion "1"]
[SourceVersionDate "2014.08.29"]
[SourceQuality "1"]
[WhiteTeam "Aigialeias Interior"]
[BlackTeam "Korydallos"]
[WhiteTeamCountry "GRE"]
[BlackTeamCountry "GRE"]

1. e4 e5 2. Nf3 d6 3. d4 exd4 4. Nxd4 Nf6 5. Nc3 Be7 6. Bf4 0-0 7. Qd2 Nc6 8. f3 Nxd4 9. Qxd4 Be6 10. 0-0-0 Nd7 11. Kb1 Bf6 12. Qd2 Be5 13. h4 Bxf4 14. Qxf4 f5 15. Qd2 f4 16. Nd5 Bxd5 17. Qxd5+ Kh8 18. Be2 Qf6 19. h5 h6 20. Rdg1 Rae8 21. Qd2 Re5 22. g4 fxg3 23. Rxg3 Qf4 24. Qe1 Nf6 25. Rgh3 Qe3 26. R3h2 Nh7 27. a3 Ng5 28. Qb4 Qb6 29. Qc3 Qc5 30. Qxc5 Rxc5 31. Rf1 Rf4 32. Kc1 Ne6 33. c3 Rf6 34. Kd2 Nf4 35. Rfh1 Rg5 36. Ke3 Rg3 37. Kf2 Nxe2 38. Kxe2 Rfxf3 39. Kd2 Re3 40. Rh4 Ref3 41. R1h2 Kg8 42. Ke2 a5 43. a4 Re3+ 44. Kd2 Ref3 45. Ke2 Kf7 46. Rf2 Rxf2+ 47. Kxf2 Rg5 48. Kf3 Rg1 49. Rf4+ Ke7 50. Ke3 Rg5 51. Rh4 Ke6 52. Kd4 Rg2 53. b3 Rg5 54. Rh3 Rg4 55. Kd3 Rf4 56. Rg3 Kf6 57. Ke3 Rf1 58. Kd4 Rd1+ 59. Kc4 Rh1 60. Rf3+ Ke6 61. Rf5 Re1 62. Kd3 b6 63. Rf3 Rh1 64. Rf5 Rh3+ 65. Kc2 Rg3 66. Rf8 Rg5 67. Rc8 Rxh5 68. Rxc7 g5 69. Rb7 g4 70. Rxb6 g3 71. Rb7 g2 0-1

[Event "GRE-chT 42nd"]
[Site "Porto Rio"]
[Date "2014.06.29"]
[Round "3.2"]
[White "Sirigos, Nikolaos"]
[Black "Mouroutis, Konstantinos"]
[Result "1-0"]
[WhiteElo "2227"]
[BlackElo "2209"]
[PlyCount "106"]
[EventDate "2014.06.28"]
[EventType "team-swiss"]
[EventRounds "7"]
[EventCountry "GRE"]
[SourceTitle "CBM 161 Extra"]
[Source "ChessBase"]
[SourceDate "2014.08.29"]
[SourceVersion "1"]
[SourceVersionDate "2014.08.29"]
[SourceQuality "1"]
[WhiteTeam "Korydallos"]
[BlackTeam "Ikarias Tzelepis"]
[WhiteTeamCountry "GRE"]
[BlackTeamCountry "GRE"]

1. g3 d5 2. Bg2 c6 3. Nf3 Bg4 4. Ne5 Bh5 5. d4 e6 6. c4 Bb4+ 7. Nc3 Nd7 8. Nxd7 Qxd7 9. Qb3 Bxc3+ 10. bxc3 Ne7 11. Rb1 b6 12. Ba3 0-0 13. Qa4 Rfd8 14. Rb2 Rab8 15. 0-0 b5 16. Qb4 Nf5 17. e4 dxe4 18. Bxe4 Bg6 19. Bg2 Rbc8 20. Qc5 h6 21. Re1 Nd6 22. Qxd6 Qxd6 23. Bxd6 Rxd6 24. c5 Rd7 25. a4 Bd3 26. Ra1 Bc4 27. axb5 cxb5 28. f4 Rdc7 29. Ra5 Rb8 30. Ra1 Bd3 31. h3 Bc4 32. Kf2 f6 33. Bf1 Bxf1 34. Kxf1 Rcb7 35. Rb4 Kf7 36. Ke2 Ke7 37. Kd2 Kd8 38. Ra6 Ke7 39. c6 Rc7 40. c4 e5 41. d5 Kd6 42. Ra5 exf4 43. gxf4 Kc5 44. Rbxb5+ Rxb5 45. Rxb5+ Kxc4 46. Rb7 Rc8 47. Rd7 g5 48. fxg5 fxg5 49. c7 Kc5 50. d6 Kc6 51. Rd8 Kb7 52. Kd3 g4 53. Ke4 h5 1-0

[Event "Petroupoli op"]
[Site "Petroupoli"]
[Date "2013.10.09"]
[Round "3"]
[White "Georgiou, Kostantinos"]
[Black "Sirigos, Nikolaos"]
[Result "0-1"]
[WhiteElo "2241"]
[BlackElo "2211"]
[PlyCount "86"]
[EventDate "2013.09.25"]
[EventType "swiss"]
[EventRounds "7"]
[EventCountry "GRE"]
[SourceTitle "EXT 2014"]
[Source "ChessBase"]
[SourceDate "2013.11.20"]
[SourceVersion "1"]
[SourceVersionDate "2013.11.20"]
[SourceQuality "1"]

1. c4 g6 2. g3 Bg7 3. Bg2 c5 4. Nc3 Nc6 5. d3 d6 6. e4 Nd4 7. Be3 e6 8. Nge2 Ne7 9. Qd2 Nec6 10. 0-0 0-0 11. Rab1 Bd7 12. Bh6 Ne5 13. Nxd4 cxd4 14. Ne2 Bxh6 15. Qxh6 Ng4 16. Qd2 e5 17. h3 Nf6 18. f4 Bc6 19. g4 Nd7 20. fxe5 dxe5 21. Qh6 b5 22. b3 Nc5 23. Qd2 Qh4 24. Rbc1 Ne6 25. Kh2 bxc4 26. Rxc4 Bd7 27. Qe1 Qxe1 28. Rxe1 Bb5 29. Rb4 Rfb8 30. Nc1 a5 31. Rc4 Bxc4 32. dxc4 Nc5 33. Re2 a4 34. Rb2 axb3 35. Nxb3 Na4 36. Rc2 Nc3 37. Nc1 Ra4 38. Bf1 Ra5 39. Bd3 Rba8 40. Kg3 Nxa2 41. Kh4 Nxc1 42. Rxc1 Ra3 43. Bb1 Rc3 0-1

[Event "Petroupoli op"]
[Site "Petroupoli"]
[Date "2013.10.02"]
[Round "2"]
[White "Sirigos, Nikolaos"]
[Black "Gkoumas, Georgios"]
[Result "1-0"]
[WhiteElo "2211"]
[BlackElo "2380"]
[PlyCount "84"]
[EventDate "2013.09.25"]
[EventType "swiss"]
[EventRounds "7"]
[EventCountry "GRE"]
[SourceTitle "EXT 2014"]
[Source "ChessBase"]
[SourceDate "2013.11.20"]
[SourceVersion "1"]
[SourceVersionDate "2013.11.20"]
[SourceQuality "1"]

1. Nf3 Nf6 2. c4 e6 3. e3 d5 4. b3 c5 5. Bb2 Nc6 6. cxd5 exd5 7. Bb5 Be7 8. Ne5 Qb6 9. Nc3 0-0 10. Bxc6 bxc6 11. Qc2 Qc7 12. Na4 Bd6 13. Nf3 Qe7 14. Rc1 Ne4 15. d3 Ng5 16. Nxc5 Nxf3+ 17. gxf3 f5 18. Rg1 Rf7 19. Qc3 f4 20. e4 dxe4 21. dxe4 Bh3 22. Ke2 Re8 23. Nd3 Ba3 24. b4 Bxb2 25. Qxb2 Qb7 26. Qc3 Qe7 27. Qxc6 Rc8 28. Qa6 Rd8 29. Nc5 Rd4 30. a3 Qe5 31. Nd3 Qh5 32. Qc6 Bd7 33. Qa8+ Rf8 34. Qb7 Rxd3 35. Kxd3 Qxf3+ 36. Kd4 Qxf2+ 37. Ke5 Re8+ 38. Kd6 Rd8 39. Qd5+ Be6+ 40. Kxe6 Rxd5 41. Rc8+ Rd8 42. Rc7 Rd5 1-0

[Event "Petroupoli op"]
[Site "Petroupoli"]
[Date "2013.09.25"]
[Round "1"]
[White "Vlahos, Athanasios"]
[Black "Sirigos, Nikolaos"]
[Result "0-1"]
[WhiteElo "1779"]
[BlackElo "2211"]
[PlyCount "100"]
[EventDate "2013.09.25"]
[EventType "swiss"]
[EventRounds "7"]
[EventCountry "GRE"]
[SourceTitle "EXT 2014"]
[Source "ChessBase"]
[SourceDate "2013.11.20"]
[SourceVersion "1"]
[SourceVersionDate "2013.11.20"]
[SourceQuality "1"]

1. e4 c5 2. Nf3 Nc6 3. Nc3 g6 4. Bb5 Bg7 5. 0-0 Nf6 6. Re1 0-0 7. h3 d6 8. d3 e5 9. Bg5 h6 10. Bxf6 Bxf6 11. Nd5 Bg7 12. c3 Be6 13. a4 f5 14. Bc4 f4 15. b4 Kh8 16. Rc1 g5 17. b5 Na5 18. Nh2 Rc8 19. Qh5 Bf7 20. Qe2 Qd7 21. Rc2 Be6 22. Qd1 Qf7 23. Ba2 h5 24. f3 Kh7 25. Kf2 Rg8 26. Rh1 Bh8 27. Ke1 c4 28. dxc4 Nxc4 29. Bxc4 Rxc4 30. Qd3 Rxa4 31. Ke2 Bxd5 32. exd5+ e4 33. fxe4 Qg6 34. Kf3 Re8 35. Re2 Rc8 36. Rc1 Ra3 37. Rec2 Be5 38. Ke2 g4 39. Nf1 Rf8 40. Nd2 f3+ 41. gxf3 gxf3+ 42. Kd1 f2 43. Nf1 Qg2 44. Qe2 Qxh3 45. Qc4 Qf3+ 46. Qe2 Qh1 47. Kd2 Bf4+ 48. Ne3 Bxe3+ 49. Kxe3 f1Q 50. Rxf1 Rxf1 0-1

[Event "Isthmia op 3rd"]
[Site "Vrachati"]
[Date "2013.08.24"]
[Round "8"]
[White "Pavlovic, Milos"]
[Black "Sirigos, Nikolaos"]
[Result "1-0"]
[WhiteElo "2511"]
[BlackElo "2216"]
[PlyCount "91"]
[EventDate "2013.08.18"]
[EventType "swiss"]
[EventRounds "9"]
[EventCountry "GRE"]
[SourceTitle "CBM 156 Extra"]
[Source "ChessBase"]
[SourceDate "2013.10.22"]
[SourceVersion "1"]
[SourceVersionDate "2013.10.22"]
[SourceQuality "1"]

1. e4 c5 2. Nf3 Nc6 3. Nc3 e5 4. Bc4 Be7 5. d3 d6 6. a3 Nf6 7. Bg5 0-0 8. Bxf6 Bxf6 9. Nd5 g6 10. b4 Bg7 11. h4 Bg4 12. Ne3 Bxf3 13. Qxf3 h5 14. c3 Qf6 15. Qh3 Ne7 16. b5 Bh6 17. Nd5 Nxd5 18. Bxd5 Rab8 19. g4 hxg4 20. Qxg4 Kg7 21. h5 Qf4 22. Qxf4 Bxf4 23. hxg6 fxg6 24. a4 Bg5 25. Ke2 Rf4 26. Rag1 Rh4 27. Rxh4 Bxh4 28. Rf1 b6 29. Rh1 Bg5 30. Be6 Rf8 31. f3 Rf4 32. Bg4 Rf7 33. Ra1 Bd8 34. Kd2 Rf8 35. Kc2 c4 36. dxc4 Rh8 37. Kb3 Rh2 38. c5 bxc5 39. a5 Rd2 40. Kc4 Kf6 41. b6 Bxb6 42. axb6 axb6 43. Rb1 Kg5 44. Rxb6 Kf4 45. Rb7 Ke3 46. Rg7 1-0

[Event "Petroupoli ASOP Dias op"]
[Site "Petroupoli"]
[Date "2013.02.06"]
[Round "3.6"]
[White "Sirigos, Nikolaos"]
[Black "Katopodis, Ioannis"]
[Result "0-1"]
[WhiteElo "2257"]
[BlackElo "1744"]
[PlyCount "120"]
[EventDate "2013.01.23"]
[EventType "swiss"]
[EventRounds "7"]
[EventCountry "GRE"]
[SourceTitle "EXT 2024"]
[Source "ChessBase"]
[SourceDate "2023.10.10"]
[SourceVersion "1"]
[SourceVersionDate "2023.10.10"]
[SourceQuality "1"]

1. e4 c6 2. d3 d5 3. Nd2 dxe4 4. dxe4 e5 5. Ngf3 Qc7 6. Bc4 Bg4 7. h3 Bh5 8. Nf1 Nf6 9. Ng3 Bg6 10. Qe2 Nbd7 11. Nh4 Bc5 12. Bg5 0-0 13. Nxg6 hxg6 14. h4 Nh7 15. Bd2 Be7 16. h5 g5 17. Nf5 Bf6 18. Bb4 c5 19. Bc3 Nb6 20. Ba5 Qc6 21. Bb5 Qe6 22. Bxb6 Qxb6 23. 0-0-0 Rfd8 24. Bc4 Qc7 25. Bd5 Rab8 26. h6 g6 27. Ne3 b5 28. Ng4 c4 29. Rh3 Qe7 30. Rf3 Rb6 31. Qd2 Rbd6 32. Ra3 a6 33. f3 Nf8 34. Rh1 Kh7 35. g3 Ne6 36. Qf2 Nd4 37. Re3 Ne6 38. Ree1 R8d7 39. Bxe6 Qxe6 40. Rd1 Rd4 41. Qe2 Be7 42. c3 Rd3 43. Nf2 Rxd1+ 44. Nxd1 Bc5 45. Ne3 Bxe3+ 46. Qxe3 Rd3 47. Qxg5 Rxf3 48. Rd1 Qf6 49. Qxf6 Rxf6 50. Rd5 Kxh6 51. Rxe5 Re6 52. Rxe6 fxe6 53. Kd2 Kg5 54. Ke3 Kg4 55. Kf2 Kh3 56. Kf3 e5 57. b3 g5 58. b4 g4+ 59. Kf2 Kh2 60. a3 Kh3 0-1

[Event "Petroupoli ASOP Dias op"]
[Site "Petroupoli"]
[Date "2013.01.30"]
[Round "2.4"]
[White "Tasoulas, Georgios"]
[Black "Sirigos, Nikolaos"]
[Result "1-0"]
[WhiteElo "2030"]
[BlackElo "2257"]
[PlyCount "83"]
[EventDate "2013.01.23"]
[EventType "swiss"]
[EventRounds "7"]
[EventCountry "GRE"]
[SourceTitle "EXT 2024"]
[Source "ChessBase"]
[SourceDate "2023.10.10"]
[SourceVersion "1"]
[SourceVersionDate "2023.10.10"]
[SourceQuality "1"]

1. d4 Nf6 2. c4 d6 3. Nc3 Nbd7 4. Nf3 g6 5. Bg5 h6 6. Bh4 Bg7 7. e3 g5 8. Bg3 Nh5 9. Nd2 Nxg3 10. hxg3 c5 11. d5 Ne5 12. Qc2 Qd7 13. Nf3 Qf5 14. Qxf5 Bxf5 15. Nxe5 Bxe5 16. Kd2 Bd7 17. Be2 f5 18. f4 Bf6 19. Bd3 0-0-0 20. Rh5 Rdg8 21. Rg1 a6 22. b3 Kc7 23. Ne2 e6 24. dxe6 Bxe6 25. Nc3 Bd8 26. Ke1 Kc6 27. Kf2 Ba5 28. Nd5 Rg7 29. Rhh1 b5 30. fxg5 bxc4 31. bxc4 Rhg8 32. gxh6 Rb7 33. h7 Rb2+ 34. Kf3 Rh8 35. Rh6 Bxd5+ 36. cxd5+ Kxd5 37. Bxf5 Ke5 38. g4 Rxa2 39. Re6+ Kd5 40. Rh6 Be1 41. Rxd6+ Kc4 42. Be6+ 1-0

[Event "Chania op 10th"]
[Site "Chania"]
[Date "2000.08.06"]
[Round "5"]
[White "Sirigos, Nikolaos"]
[Black "Valden, Petros"]
[Result "1-0"]
[WhiteElo "2247"]
[BlackElo "2098"]
[PlyCount "74"]
[EventDate "2000.08.03"]
[EventType "swiss"]
[EventRounds "9"]
[EventCountry "GRE"]
[SourceTitle "EXT 2001"]
[Source "ChessBase"]
[SourceDate "2000.11.22"]
[SourceVersion "1"]
[SourceVersionDate "2000.11.22"]
[SourceQuality "1"]

1. e4 c5 2. Nf3 Nc6 3. d4 cxd4 4. Nxd4 g6 5. c4 Nf6 6. Nc3 Nxd4 7. Qxd4 d6 8. Bg5 Bg7 9. f3 0-0 10. Qd2 Be6 11. Rc1 Qa5 12. Bd3 Rfc8 13. Nd5 Qxd2+ 14. Kxd2 Bxd5 15. cxd5 Kf8 16. Be3 Nd7 17. Bb5 Ke8 18. b4 a6 19. Be2 Kd8 20. a4 a5 21. bxa5 Rxa5 22. Rxc8+ Kxc8 23. Rc1+ Nc5 24. Bb5 b6 25. Rc4 Ra7 26. Rb4 Bf6 27. Bc6 Kc7 28. Kc2 Ra5 29. Rc4 Ra7 30. f4 Ra5 31. Bd2 Ra7 32. g3 Kd8 33. Be1 Kc7 34. Bd2 Kd8 35. g4 Kc7 36. g5 Bg7 37. h4 Kd8 1-0

[Event "GRE-chT"]
[Site "Athens"]
[Date "1997.??.??"]
[Round "8"]
[White "Mastrovasilis, Athanasios"]
[Black "Sirigos, Nikolaos"]
[Result "1-0"]
[WhiteElo "2335"]
[BlackElo "2220"]
[PlyCount "89"]
[EventDate "1997.??.??"]
[EventType "team-swiss"]
[EventRounds "9"]
[EventCountry "GRE"]
[SourceTitle "EXT 2002"]
[Source "ChessBase"]
[SourceDate "2001.11.25"]
[SourceVersion "1"]
[SourceVersionDate "2001.11.25"]
[SourceQuality "1"]

1. d4 Nf6 2. c4 d6 3. Nc3 Nbd7 4. e4 e5 5. d5 Nc5 6. f3 a5 7. Be3 Be7 8. Qd2 h6 9. Nge2 Nh7 10. g3 f5 11. exf5 Bxf5 12. g4 Ng5 13. Ng1 Bh7 14. 0-0-0 0-0 15. Be2 a4 16. h4 Nf7 17. Qe1 Nh8 18. Bxc5 dxc5 19. Bd3 Bxd3 20. Rxd3 Ng6 21. h5 Nf4 22. Rd1 Bg5 23. Kb1 Qe7 24. Nh3 Bh4 25. Qe3 Nxh3 26. Rxh3 Rf4 27. Ne4 b6 28. Rd3 Bg5 29. Qe1 Rff8 30. Qd1 a3 31. Rxa3 Rxa3 32. bxa3 Be3 33. Qd3 Bd4 34. Ng3 Rf4 35. Kc2 Qe8 36. Kb3 Qe7 37. Rh1 Qf7 38. Nf5 Qe8 39. Re1 Bf2 40. Re4 Bg1 41. Qe2 Rxe4 42. Qxe4 Bh2 43. d6 cxd6 44. Qb7 Qf8 45. Ne7+ 1-0

[Event "GRE-ch95"]
[Site "Greece"]
[Date "1996.??.??"]
[Round "1"]
[White "Grivas, Efstratios"]
[Black "Sirigos, Nikolaos"]
[Result "1-0"]
[WhiteElo "2475"]
[BlackElo "2285"]
[PlyCount "125"]
[EventDate "1996.??.??"]
[EventType "tourn"]
[EventRounds "9"]
[EventCountry "GRE"]
[EventCategory "5"]
[SourceTitle "CBM 051 Extra"]
[Source "ChessBase"]
[SourceDate "1996.05.01"]
[SourceVersion "1"]
[SourceVersionDate "1996.05.01"]
[SourceQuality "1"]

1. Nf3 Nf6 2. c4 g6 3. g3 Bg7 4. Bg2 0-0 5. 0-0 d6 6. Nc3 c5 7. a3 Nc6 8. Rb1 Bf5 9. d3 Qd7 10. b4 Rfe8 11. Be3 Ng4 12. Bd2 cxb4 13. axb4 Nge5 14. Nxe5 Bxe5 15. b5 Nd8 16. Nd5 Be6 17. e3 Bxd5 18. Bxd5 Bg7 19. f4 e6 20. Bg2 d5 21. cxd5 exd5 22. Qf3 d4 23. e4 Rc8 24. f5 Be5 25. Bh3 f6 26. Bg4 h5 27. Bh3 Rc2 28. Rf2 Nf7 29. Kg2 Ng5 30. Bxg5 Rxf2+ 31. Qxf2 fxg5 32. Kh1 g4 33. Bg2 g5 34. Qa2+ Kg7 35. Qxa7 h4 36. Qb6 Qf7 37. Kg1 hxg3 38. hxg3 Bxg3 39. e5 Rxe5 40. Qxb7 Re7 41. Qd5 Qh5 42. Qc5 Re2 43. Qxd4+ Be5 44. Qd7+ Kh8 45. Qd8+ Kh7 46. Qd7+ Kh8 47. Qc8+ Kh7 48. Qb7+ Kh8 49. Rc1 Qh2+ 50. Kf1 Qf4+ 51. Kxe2 Qxc1 52. Qa8+ Kg7 53. Qa7+ Kh8 54. Qa2 Bf4 55. Be4 Qe3+ 56. Kf1 Qc1+ 57. Kg2 Be3 58. Qa8+ Kg7 59. Qb7+ Kh8 60. Qb8+ Kg7 61. Qe5+ Kf8 62. Qf6+ Kg8 63. Bd5+ 1-0

[Event "EU-ch U20"]
[Site "Siofok"]
[Date "1996.??.??"]
[Round "6"]
[White "Lerch, Patrice"]
[Black "Sirigos, Nikolaos"]
[Result "0-1"]
[WhiteElo "2330"]
[BlackElo "2290"]
[PlyCount "76"]
[EventDate "1996.08.??"]
[EventType "swiss"]
[EventRounds "11"]
[EventCountry "HUN"]
[SourceTitle "Juniors"]
[Source "ChessBase"]
[SourceDate "1999.07.01"]
[SourceVersion "1"]
[SourceVersionDate "1999.07.01"]
[SourceQuality "1"]

1. e4 c5 2. Nc3 Nc6 3. g3 g6 4. Bg2 Bg7 5. d3 d6 6. f4 Rb8 7. Nf3 b5 8. 0-0 b4 9. Ne2 e5 10. f5 Nf6 11. h3 d5 12. Nd2 gxf5 13. exf5 h5 14. c4 bxc3 15. bxc3 Bh6 16. Nf3 Bxc1 17. Qxc1 Qd6 18. Nd2 Ne7 19. Qa3 Bxf5 20. Rf3 e4 21. Re3 exd3 22. Nd4 Be4 23. Bxe4 dxe4 24. Kf2 Qd5 25. N4b3 Qf5+ 26. Kg1 Ned5 27. Nxe4 Nxe4 28. Qa4+ Kf8 29. Qxe4 Nxe3 30. Qxe3 Re8 31. Qxc5+ Qxc5+ 32. Nxc5 Rc8 33. Nxd3 Rxc3 34. Rd1 Kg7 35. Nf4 Rxg3+ 36. Kf2 Ra3 37. Rd7 Rb8 38. Nxh5+ Kh6 0-1

[Event "EU-ch U20"]
[Site "Siofok"]
[Date "1996.??.??"]
[Round "9"]
[White "Luukkonen, Tommi"]
[Black "Sirigos, Nikolaos"]
[Result "1-0"]
[WhiteElo "2130"]
[BlackElo "2290"]
[PlyCount "109"]
[EventDate "1996.08.??"]
[EventType "swiss"]
[EventRounds "11"]
[EventCountry "HUN"]
[SourceTitle "Juniors"]
[Source "ChessBase"]
[SourceDate "1999.07.01"]
[SourceVersion "1"]
[SourceVersionDate "1999.07.01"]
[SourceQuality "1"]

1. e4 e5 2. Nf3 Nc6 3. Bb5 a6 4. Ba4 Nf6 5. 0-0 Be7 6. Re1 b5 7. Bb3 0-0 8. a4 Bb7 9. d3 Re8 10. Nbd2 Bf8 11. c3 h6 12. Nh4 d6 13. Ng6 Ne7 14. Nxf8 Rxf8 15. Nf1 Ng6 16. Qf3 d5 17. Ng3 c5 18. Ba2 c4 19. exd5 Nh4 20. Qe2 Qxd5 21. Ne4 Qxd3 22. Nxf6+ gxf6 23. f3 Qg6 24. Bb1 f5 25. Kf1 Rfe8 26. Qf2 Qf6 27. axb5 axb5 28. Rxa8 Bxa8 29. Qc5 Bc6 30. Bc2 Kg7 31. Rd1 Re6 32. b3 f4 33. Ba3 Ng6 34. bxc4 bxc4 35. Qxc4 e4 36. fxe4 Qg5 37. Qd4+ Ne5 38. Bb3 Bb5+ 39. c4 Bc6 40. Bd6 f3 41. gxf3 Rxd6 42. Qxd6 Qf4 43. Qd4 Qxf3+ 44. Ke1 f6 45. Bc2 Qh1+ 46. Kd2 Nf3+ 47. Kc3 Nxd4 48. Rxh1 Nxc2 49. Rg1+ Kf7 50. Kxc2 Bxe4+ 51. Kc3 Ke6 52. Kd4 Bf3 53. Re1+ Kf5 54. Rf1 Kg4 55. Rxf3 1-0

[Event "GRE-ch95"]
[Site "Greece"]
[Date "1996.??.??"]
[Round "3"]
[White "Nikolaidis, Ioannis"]
[Black "Sirigos, Nikolaos"]
[Result "1-0"]
[WhiteElo "2530"]
[BlackElo "2285"]
[PlyCount "49"]
[EventDate "1996.??.??"]
[EventType "tourn"]
[EventRounds "9"]
[EventCountry "GRE"]
[EventCategory "5"]
[SourceTitle "CBM 051 Extra"]
[Source "ChessBase"]
[SourceDate "1996.05.01"]
[SourceVersion "1"]
[SourceVersionDate "1996.05.01"]
[SourceQuality "1"]

1. d4 Nf6 2. c4 e6 3. g3 d5 4. Bg2 Be7 5. Nf3 0-0 6. 0-0 c6 7. Nbd2 b6 8. Qc2 Ba6 9. b3 Nbd7 10. Bb2 Rc8 11. Rac1 c5 12. Qb1 cxd4 13. Nxd4 Bb4 14. Rfd1 Nc5 15. cxd5 exd5 16. N2f3 Nce4 17. Nc6 Rxc6 18. Rxc6 Bxe2 19. Rdc1 Ng4 20. Nd4 Ba6 21. Bxe4 dxe4 22. Qxe4 Nf6 23. Qh4 Qd5 24. Rxf6 gxf6 25. Nc6 1-0

[Event "GRE-chT"]
[Site "Athens"]
[Date "1996.??.??"]
[Round "7"]
[White "Sirigos, Nikolaos"]
[Black "Argiroudis, Stamatis"]
[Result "0-1"]
[WhiteElo "2290"]
[BlackElo "2215"]
[PlyCount "46"]
[EventDate "1996.??.??"]
[EventType "team-tourn"]
[EventRounds "9"]
[EventCountry "GRE"]
[SourceTitle "CBM 055 Extra"]
[Source "ChessBase"]
[SourceDate "1997.01.01"]
[SourceVersion "1"]
[SourceVersionDate "1997.01.01"]
[SourceQuality "1"]

1. d4 d5 2. c4 e6 3. Nc3 c6 4. Bf4 dxc4 5. e3 b5 6. a4 Bb4 7. axb5 cxb5 8. Qf3 Qd5 9. Qg3 Ne7 10. Bxb8 Nf5 11. Qc7 0-0 12. Rxa7 Rxa7 13. Bxa7 Qe4 14. f4 Qb1+ 15. Kf2 Qxb2+ 16. Nce2 Qd2 17. g3 Qe1+ 18. Kg2 Nxe3+ 19. Kf3 Nxf1 20. Bc5 Bxc5 21. dxc5 Nd2+ 22. Ke3 c3 23. Kd3 Nc4 0-1

[Event "National Resistance op 4th"]
[Site "Greece"]
[Date "1996.??.??"]
[Round "?"]
[White "Sirigos, Nikolaos"]
[Black "Kalesis, Nikolaos"]
[Result "0-1"]
[WhiteElo "2285"]
[BlackElo "2355"]
[PlyCount "88"]
[EventDate "1996.??.??"]
[EventType "swiss"]
[EventRounds "9"]
[EventCountry "GRE"]
[SourceTitle "EXT 2003"]
[Source "ChessBase"]
[SourceDate "2002.11.25"]
[SourceVersion "1"]
[SourceVersionDate "2002.11.25"]
[SourceQuality "1"]

1. e4 c5 2. Nf3 e6 3. d4 cxd4 4. Nxd4 a6 5. Bd3 Qc7 6. 0-0 Nf6 7. Nc3 d6 8. f4 Be7 9. Kh1 Nc6 10. Nf3 0-0 11. Qe1 b5 12. Qg3 Nb4 13. e5 Nh5 14. Qh3 g6 15. g4 Ng7 16. Ne4 Nd5 17. Nfg5 h5 18. gxh5 Nxh5 19. Rg1 Bxg5 20. Rxg5 dxe5 21. Qxh5 exf4 22. b3 e5 23. Bb2 Re8 24. Rag1 Kf8 25. Qh6+ Ke7 26. Bxe5 Qc6 27. Qh4 Kd7 28. Qh7 Re7 29. Bd6 Nf6 30. Qh3+ Re6 31. Re5 Bb7 32. Rxe6 fxe6 33. Re1 Qxd6 34. Qf3 Ke7 35. Kg1 Qd4+ 36. Qf2 Qxf2+ 37. Kxf2 Nxe4+ 38. Bxe4 Bxe4 39. Rxe4 Rc8 40. c4 bxc4 41. bxc4 g5 42. h4 gxh4 43. Kf3 h3 44. Rxf4 Rh8 0-1

[Event "GRE-ch95"]
[Site "Greece"]
[Date "1996.??.??"]
[Round "6"]
[White "Sirigos, Nikolaos"]
[Black "Karanikolas, Konstantinos"]
[Result "1-0"]
[WhiteElo "2285"]
[BlackElo "2300"]
[PlyCount "41"]
[EventDate "1996.??.??"]
[EventType "tourn"]
[EventRounds "9"]
[EventCountry "GRE"]
[EventCategory "5"]
[SourceTitle "CBM 051 Extra"]
[Source "ChessBase"]
[SourceDate "1996.05.01"]
[SourceVersion "1"]
[SourceVersionDate "1996.05.01"]
[SourceQuality "1"]

1. Nf3 d5 2. b3 Nf6 3. Bb2 g6 4. e3 Bg7 5. c4 c6 6. Be2 0-0 7. 0-0 Nbd7 8. Qc2 dxc4 9. bxc4 Nc5 10. d4 Bf5 11. Qd1 Nce4 12. Nbd2 c5 13. Qb3 a5 14. Nxe4 Nxe4 15. d5 a4 16. Qa3 Bxb2 17. Qxb2 a3 18. Qb3 Qd6 19. Bd3 Rfb8 20. Qc2 Nf6 21. e4 1-0